书目信息 |
| 题名: |
无线移动自组织网
|
|
| 作者: | 于宏毅 著 | |
| 分册: | ||
| 出版信息: | 北京 人民邮电出版社 2005.04 |
|
| 页数: | 374页 | |
| 开本: | 26cm | |
| 丛书名: | 863通信高技术丛书 | |
| 单 册: | ||
| 中图分类: | TN929.5 | |
| 科图分类: | TN929.5 | |
| 主题词: | 无线电通信:移动通信-通信网 | |
| 电子资源: | ||
| ISBN: | 7-115-12859-6 | |
| 000 | 00666nam0 2200229 450 | |
| 001 | 0658192516 | |
| 005 | 20061011103104.26 | |
| 010 | @a7-115-12859-6@dCNY 45.00 | |
| 100 | @a20060824d2005 km y0chiy0120 ea | |
| 101 | 0 | @achi |
| 102 | @aCN@b110000 | |
| 200 | 1 | @a无线移动自组织网@Awu xian yi dong zi zu zhi wang@f于宏毅等著@Fyu hong yi deng zhu |
| 210 | @a北京@c人民邮电出版社@d2005.04 | |
| 215 | @a374页@d26cm | |
| 225 | 2 | @a863通信高技术丛书 |
| 410 | 0 | @12001 @a863通信高技术丛书 |
| 606 | 0 | @a无线电通信:移动通信-通信网 |
| 690 | @aTN929.5@v4 | |
| 692 | @aTN929.5 | |
| 701 | 0 | @a于宏毅@Ayu hong yi@4著 |
| 801 | 0 | @aCN@c20061011 |
| 905 | @a10447@dTN929.5@eY714 | |
| 无线移动自组织网/于宏毅等著.-北京:人民邮电出版社,2005.04 |
| 374页;26cm.-(863通信高技术丛书) |
| ISBN 7-115-12859-6:CNY 45.00 |
| ● |
| 相关链接 |
|
|
|
正题名:无线移动自组织网
索取号:TN929.5/Y714
 
预约/预借
| 序号 | 登录号 | 条形码 | 馆藏地/架位号 | 状态 | 备注 |
| 1 | 609440 | 206094402 | 自科库301/301自科库 99排3列5层/ [索取号:TN929.5/Y714] | 在馆 | |
| 2 | 609441 | 206094411 | 自科库301/301自科库 31排2列1层/ [索取号:TN929.5/Y714] | 在馆 | |
| 3 | 609442 | 206094420 | 自科库301/301自科库 99排3列5层/ [索取号:TN929.5/Y714] | 在馆 |